Rozvoj čínskej ekonomiky a všestranné budovanie pomerne bohatej spoločnosti
Vystúpenie J.E. Huang Zhongpo veľvyslanca ČĽR v SR v Klube ekonómov EU v Bratislave v diskusii o čínskej ekonomike. Ekonomický rozvoj Číny, prijatie stratégie "Troch krokov". Čína dosiahla prvé dva z Troch krokov v stratégii modernizácie Číny. Strednodobý a dlhodobý rozvojový plán Tretieho kroku je...
Salvato in:
| Autore principale: | |
|---|---|
| Natura: | Capitolo di libro |
| Lingua: | slovacco |
| Soggetti: | |
| Tags: |
Nessun Tag, puoi essere il primo ad aggiungerne!!
|
MARC
| LEADER | 00000naa$a2200000$$$4500 | ||
|---|---|---|---|
| 001 | 0019467 | ||
| 005 | 20230808081537.5 | ||
| 041 | 0 | |a slo | |
| 044 | |a SK | ||
| 245 | 1 | 0 | |a Rozvoj čínskej ekonomiky a všestranné budovanie pomerne bohatej spoločnosti |c Huang Zhongpo |
| 520 | |a Vystúpenie J.E. Huang Zhongpo veľvyslanca ČĽR v SR v Klube ekonómov EU v Bratislave v diskusii o čínskej ekonomike. Ekonomický rozvoj Číny, prijatie stratégie "Troch krokov". Čína dosiahla prvé dva z Troch krokov v stratégii modernizácie Číny. Strednodobý a dlhodobý rozvojový plán Tretieho kroku je všestranne vybudovať pomerne bohatú spoločnosť. Faktory, ktoré podporujú hospodársky rast Číny. | ||
| 610 | 2 | 0 | |a Čína |
| 610 | 2 | 0 | |a rast hospodársky |
| 610 | 2 | 0 | |a rozvoj hospodársky |
| 610 | 2 | 0 | |a stratégia hospodárska |
| 610 | 2 | 0 | |a produkt domáci hrubý |
| 100 | 1 | |a Zhongpo, Huang | |